|
|
|
|
| LEADER |
01612cas a2200241 a 4500 |
| 001 |
AALejournalIMF007646 |
| 008 |
230101c9999 xx r poo 0 0eng d |
| 020 |
|
|
|c 5.00 USD
|
| 020 |
|
|
|z 9781451856620
|
| 022 |
|
|
|a 1018-5941
|
| 040 |
|
|
|a BD-DhAAL
|c BD-DhAAL
|
| 110 |
2 |
|
|a International Monetary Fund.
|
| 245 |
1 |
0 |
|a Sources of Contagion :
|b Finance or Trade?
|
| 264 |
|
1 |
|a Washington, D.C. :
|b International Monetary Fund,
|c 1999.
|
| 300 |
|
|
|a 1 online resource (28 pages)
|
| 490 |
1 |
|
|a IMF Working Papers
|
| 500 |
|
|
|a <strong>Off-Campus Access:</strong> No User ID or Password Required
|
| 500 |
|
|
|a <strong>On-Campus Access:</strong> No User ID or Password Required
|
| 506 |
|
|
|a Electronic access restricted to authorized BRAC University faculty, staff and students
|
| 520 |
3 |
|
|a This paper presents evidence that spillovers through bank lending, as opposed to trade linkages and country characteristics, can help explain contagion. We construct a measure of competition for bank funds and find evidence in favor of a common lender effect in the Mexican, Thai, and Russian crises, after controlling for macroeconomic fundamentals. The results are quite robust to the definition of the finance indicator. In the case of the Asian crisis, results are not always robust to the inclusion of trade competition, reflecting the high correlation between competition for funds and trade.
|
| 538 |
|
|
|a Mode of access: Internet
|
| 830 |
|
0 |
|a IMF Working Papers; Working Paper ;
|v No. 1999/146
|
| 856 |
4 |
0 |
|z Full text available on IMF
|u http://elibrary.imf.org/view/journals/001/1999/146/001.1999.issue-146-en.xml
|z IMF e-Library
|